[Event "Geneve op 27th"]
[Site "Geneve"]
[Date "2013.02.22"]
[Round "5"]
[White "Rab, Assif"]
[Black "Le Bourhis, Gael"]
[Result "0-1"]
[WhiteElo "1765"]
[BlackElo "2099"]
[PlyCount "118"]
[EventDate "2013.01.18"]
[EventType "swiss"]
[EventRounds "7"]
[EventCountry "SUI"]
[SourceTitle "EXT 2014"]
[Source "ChessBase"]
[SourceDate "2013.11.20"]
[SourceVersion "1"]
[SourceVersionDate "2013.11.20"]
[SourceQuality "1"]

1. c4 b6 2. d4 Bb7 3. Nf3 e6 4. a3 f5 5. Nc3 Nf6 6. Bg5 Be7 7. g3 0-0 8. Bg2 Ne4 9. Nxe4 Bxe4 10. Bxe7 Qxe7 11. 0-0 d6 12. b4 Nd7 13. Qb3 a5 14. Rad1 Ra7 15. Qe3 axb4 16. axb4 Rfa8 17. h4 Ra2 18. Rfe1 Nf6 19. Bh3 R8a3 20. Qf4 h6 21. g4 e5 22. dxe5 dxe5 23. Qg3 Bc2 24. g5 Nh5 25. Qxe5 Qxe5 26. Nxe5 Bxd1 27. Rxd1 Ra1 28. Rxa1 Rxa1+ 29. Kh2 Ra2 30. Bxf5 Rxe2 31. Nd3 Rd2 32. Bg4 Rxd3 33. Bxh5 hxg5 34. hxg5 Rd4 35. Bf3 Kh7 36. Bd5 Kg6 37. f3 Kxg5 38. Kg3 b5 39. f4+ Kf5 40. Bg8 bxc4 41. b5 c3 42. Kf3 Rb4 43. Bh7+ g6 44. Ke3 c2 45. Kd2 Rc4 46. Kc1 Rc5 47. Bg8 Kxf4 48. Be6 g5 49. Bh3 g4 50. Bg2 Ke3 51. Ba8 g3 52. Bc6 Rxc6 53. bxc6 Kd3 54. Kb2 Kd2 55. Ka2 c1Q 56. Kb3 g2 57. Ka4 g1Q 58. Kb4 Qb6+ 59. Ka4 Qa1# 0-1